<?xml version="1.0" encoding="UTF-8"?><?xml-stylesheet type="text/xsl" href="static/style.xsl"?><OAI-PMH xmlns="http://www.openarchives.org/OAI/2.0/" xmlns:xsi="http://www.w3.org/2001/XMLSchema-instance" xsi:schemaLocation="http://www.openarchives.org/OAI/2.0/ http://www.openarchives.org/OAI/2.0/OAI-PMH.xsd"><responseDate>2026-04-13T01:44:48Z</responseDate><request verb="GetRecord" identifier="oai:www.recercat.cat:10256/24975" metadataPrefix="marc">https://recercat.cat/oai/request</request><GetRecord><record><header><identifier>oai:recercat.cat:10256/24975</identifier><datestamp>2024-06-18T11:08:37Z</datestamp><setSpec>com_2072_452955</setSpec><setSpec>com_2072_2054</setSpec><setSpec>col_2072_452959</setSpec><setSpec>col_2072_453080</setSpec></header><metadata><record xmlns="http://www.loc.gov/MARC21/slim" xmlns:dcterms="http://purl.org/dc/terms/" xmlns:xsi="http://www.w3.org/2001/XMLSchema-instance" xmlns:doc="http://www.lyncode.com/xoai" xsi:schemaLocation="http://www.loc.gov/MARC21/slim http://www.loc.gov/standards/marcxml/schema/MARC21slim.xsd">
   <leader>00925njm 22002777a 4500</leader>
   <datafield ind2=" " ind1=" " tag="042">
      <subfield code="a">dc</subfield>
   </datafield>
   <datafield ind2=" " ind1=" " tag="720">
      <subfield code="a">Perujo Buxeda, Núria</subfield>
      <subfield code="e">author</subfield>
   </datafield>
   <datafield ind2=" " ind1=" " tag="720">
      <subfield code="a">Sánchez Vila, Xavier</subfield>
      <subfield code="e">author</subfield>
   </datafield>
   <datafield ind2=" " ind1=" " tag="720">
      <subfield code="a">Proia, Lorenzo</subfield>
      <subfield code="e">author</subfield>
   </datafield>
   <datafield ind2=" " ind1=" " tag="720">
      <subfield code="a">Romaní i Cornet, Anna M.</subfield>
      <subfield code="e">author</subfield>
   </datafield>
   <datafield ind2=" " ind1=" " tag="260">
      <subfield code="c">2017-05-08</subfield>
   </datafield>
   <datafield ind2=" " ind1=" " tag="520">
      <subfield code="a">Physical heterogeneity determines interstitial fluxes in porous media. Nutrients and organic matter distribution in depth influence physicochemical and microbial processes occurring in subsurface. Columns 50 cm long were filled with sterile silica sand following five different setups combining fine and coarse sands or a mixture of both mimicking potential water treatment barriers. Water was supplied continuously to all columns during 33 days. Hydraulic conductivity, nutrients and organic matter, biofilm biomass, and activity were analyzed in order to study the effect of spatial grain size heterogeneity on physicochemical and microbial processes and their mutual interaction. Coarse sediments showed higher biomass and activity in deeper areas compared to the others; however, they resulted in incomplete denitrification, large proportion of dead bacteria in depth, and low functional diversity. Treatments with fine sediment in the upper 20 cm of the columns showed high phosphorus retention. However, low hydraulic conductivity values reported in these sediments seemed to constraint biofilm activity and biomass. On the other hand, sudden transition from coarse-to-fine grain sizes promoted a hot-spot of organic matter degradation and biomass growth at the interface. Our results reinforce the idea that grain-size disposition in subsurface sandy sediments drives the interstitial fluxes, influencing microbial processes</subfield>
   </datafield>
   <datafield ind2=" " ind1=" " tag="520">
      <subfield code="a">This work was supported by European Union [project MARSOL, grant number 619120], Spanish Ministry of Economy and Competitiveness [CGL2014-58760-C3-2-R], Department of Universitats, Recerca i Societat de la Informació de la Generalitat de Catalunya, and European Social Fund</subfield>
   </datafield>
   <datafield ind1="8" ind2=" " tag="024">
      <subfield code="a">http://hdl.handle.net/10256/24975</subfield>
   </datafield>
   <datafield tag="653" ind2=" " ind1=" ">
      <subfield code="a">Sediments (Geologia) -- Composició</subfield>
   </datafield>
   <datafield tag="653" ind2=" " ind1=" ">
      <subfield code="a">Sediments (Geology) -- Composition</subfield>
   </datafield>
   <datafield tag="653" ind2=" " ind1=" ">
      <subfield code="a">Subsòls -- Microbiologia</subfield>
   </datafield>
   <datafield tag="653" ind2=" " ind1=" ">
      <subfield code="a">Subsoil microbiology</subfield>
   </datafield>
   <datafield ind2="0" ind1="0" tag="245">
      <subfield code="a">Interaction between Physical Heterogeneity and Microbial Processes in Subsurface Sediments: A Laboratory-Scale Column Experiment</subfield>
   </datafield>
</record></metadata></record></GetRecord></OAI-PMH>